All forms of Rick - Rick and Morty - Statistics

General Stats
  • This quiz has been taken 33 times
  • The average score is 6 of 13
Answer Stats
Hint Answer % Correct
When he doesn’t want to go to therapy Pickle rick
93%
The main rick Rick c-137
62%
Where he and the president transform for thanksgiving Turkey rick
62%
Rick feels bad for his family so he pretends to be him and becomes a hero Pissmaster
55%
When rick and morty detoxify Toxic rick
55%
Vampire hunting rick Tiny rick
52%
What he replaces himself with when he commits to finding rick prime Robot rick
48%
When he traps most of the vindicators Drunk rick
45%
When morty is replaced Crow rick
31%
When rick makes peace with the government he reappears as Fisherman rick
24%
A memory shown by the observer Leg rick
21%
What happens when he tries to obtain infinite energy Dead rick
14%
The galactic federation try to find the portal gun recipe but he switches minds Gromflomite rick
3%
No matching quizzes found
Score Distribution
Percent of People with Each Score
Percentile by Number Answered
Your Score History
You have not taken this quiz